00958nam a2200229 a 450000100100000000500170001000800410002702000150006804000250008308200160010810000360012424501190016025000110027926000360029030000280032650000700035470000440042404900090046895201140047795201200059199900170071100001353020200929163248.0091125s2002 dr a 000 0 spa d a9993461369 aDO-SdBNPbspacBNPHU axxxxbL166m1 aLafontaine Gómez, Aura93085910aManual de entrenamiento para visitadores a médicos /cAura Lafontaine Gómez ; prólogo Fidias Mejía Molina. a2a ed. aSanto Domingo :bBúho,c2002. a241 p. :bil. ;c23 cm. aIncluye datos biográficos del autor en la solapa de la cubierta1 aMejía Molina, Fidias,epról.930860 aBNPD 0010718PDaPDbPDcCTd2009-11-25iLF1l0oxxxx L166mp13530-10r2020-06-25w2020-06-25yLFPDZNo se presta 0010718PDaPDbPDcCTd2009-11-25iLF1l0oxxxx L166mp13530-20r2020-06-25te. 2w2020-06-25yLFPDZNo se presta c13153d13153